Control of communicable diseases manual / (Record no. 949)

MARC details
000 -LEADER
fixed length control field 00606nam a22002057a 4500
003 - CONTROL NUMBER IDENTIFIER
control field OSt
005 - DATE AND TIME OF LATEST TRANSACTION
control field 20150120151315.0
008 - FIXED-LENGTH DATA ELEMENTS--GENERAL INFORMATION
fixed length control field 150120b xxu||||| |||| 00| 0 eng d
020 ## - INTERNATIONAL STANDARD BOOK NUMBER
International Standard Book Number 0875530346
040 ## - CATALOGING SOURCE
Transcribing agency DNLM
082 ## - DEWEY DECIMAL CLASSIFICATION NUMBER
Classification number WC 100 C764d 2004
245 ## - TITLE STATEMENT
Title Control of communicable diseases manual /
Statement of responsibility, etc. Edited byDavid L. Heymann
250 ## - EDITION STATEMENT
Edition statement 18th ed.
260 ## - PUBLICATION, DISTRIBUTION, ETC. (IMPRINT)
Place of publication, distribution, etc. America :
Name of publisher, distributor, etc. American public health Association;
Date of publication, distribution, etc. 2004.
300 ## - PHYSICAL DESCRIPTION
Extent xxxiv, 700 p :
Other physical details col.ill;
Dimensions 18 cm
504 ## - BIBLIOGRAPHY, ETC. NOTE
Bibliography, etc Includes index.
650 ## - SUBJECT ADDED ENTRY--TOPICAL TERM
Topical term or geographic name as entry element Communicable Diseases
9 (RLIN) 825
700 ## - ADDED ENTRY--PERSONAL NAME
Relator code Editor
Personal name Heymann David L.
9 (RLIN) 2556
942 ## - ADDED ENTRY ELEMENTS (KOHA)
Source of classification or shelving scheme Other/Generic Classification Scheme
Koha item type Short Loan
Holdings
Withdrawn status Lost status Source of classification or shelving scheme Damaged status Not for loan Home library Current library Date acquired Source of acquisition Inventory number Total Checkouts Full call number Barcode Date last seen Price effective from Koha item type
    Other/Generic Classification Scheme     MUST Main Library MUST Main Library 20/01/2015   2005/23949   WC 100 C764d 2004 2015-0180 20/01/2015 20/01/2015 Short Loan
    Other/Generic Classification Scheme     MUST Main Library MUST Main Library 20/01/2015   2005/23953   WC 100 C764d 2004 2015-0181 20/01/2015 20/01/2015 Short Loan
    Other/Generic Classification Scheme     MUST Main Library MUST Main Library 20/01/2015   2005/23959   WC 100 C764d 2004 2015-0182 20/01/2015 20/01/2015 Short Loan
    Other/Generic Classification Scheme     MUST Main Library MUST Main Library 20/01/2015   2005/23962   WC 100 C764d 2004 2015-0183 20/01/2015 20/01/2015 Short Loan